History Quiz

Random History or Clickable Quiz
Score 0/13 Timer 03:00
2 Plays Today
% Correct
2001
81.5%
2013
72.3%
2008
70.6%
2012
64.9%
2011
46.3%
2009
45.9%
2005
40.5%
2002
37.1%
2010
36.6%
2003
33.5%
2006
30.6%
2007
29.8%
2004
22.3%
Remove Ads.
Support Sporcle.
Get the best of Sporcle when you Go Orange. This ad-free experience offers more features, more stats, and more fun while also helping to support Sporcle. Thank you for becoming a member.

You're not logged in!

Compare scores with friends on all Sporcle quizzes.
OR
Log In

Show Comments

Extras

Top Quizzes Today


Score Distribution

Your Account Isn't Verified!

In order to create a playlist on Sporcle, you need to verify the email address you used during registration. Go to your Sporcle Settings to finish the process.

Report this User

Report this user for behavior that violates our Community Guidelines.

Details: